01763nam a2200421 a 4500001001200000003000800012006001900020007001500039008004100054010001700095015001900112016001800131020004200149020003900191040002100230035002100251050002500272082002100297245014700318260003800465300001700503500012600520504005100646533015200697611002400849650004900873650006000922650003800982650001501020650003501035655002901070700002801099700002101127710001701148730003101165856012601196999001901322ebr10363844CaPaEBRm u cr cn|||||||||080425s2008 ne sb 001 0 eng  z 2008018901 aGBA8623322bnb7 z0146025842Uk z9789004167698 (hardback : alk. paper) z9004167692 (hardback : alk. paper) aCaPaEBRcCaPaEBR a(OCoLC)64952332314aHN18.3b.W664 2008eb04a306.209172/422204aThe world and US social forumsh[electronic resource] :ba better world is possible and necessary /cedited by Judith Blau and Marina Karides. aLeiden ;aBoston :bBrill,c2008. aviii, 248 p. a"Originally published, in part, as Volume 3, No. 1 (2008) of Brill's journal Societies without borders"--P. [4] of cover. aIncludes bibliographical references and index. aElectronic reproduction.bPalo Alto, Calif. :cebrary,d2013.nAvailable via World Wide Web.nAccess may be limited to ebrary affiliated libraries.20aWorld Social Forum. 0aSocial movementsxInternational cooperation. 0aAnti-globalization movementxInternational cooperation. 0aInternational economic relations. 0aDemocracy. 0aGlobalizationxSocial aspects. 7aElectronic books.2local1 aBlau, Judith R.,d1942-1 aKarides, Marina.2 aebrary, Inc.0 aSocieties without borders.40uhttp://site.ebrary.com/lib/rucke/Doc?id=10363844zAn electronic book accessible through the World Wide Web; click to view c111097d111097